Southville International School and Colleges
Your cart is empty.
  • Cart
  • Lists
    Public lists Eva Luna New books Lux_list list_1
    Your lists Log in to create your own lists
  • Log in to your account
  • Your cookies
  • Search history
Southville International School and Colleges
  • Advanced search
  • Recent comments
  • Most popular
  • Libraries

Log in to your account

Log in with GOOGLE


If you do not have an external account, but do have a local account, you can still log in:

  1. Home
  2. MARC view: Attaboy, Sam! /
Normal view MARC view ISBD view

Attaboy, Sam! / (Record no. 1018)

[ view plain ]
MARC details
000 -LEADER
fixed length control field 01189pam a2200337 a 4500
001 - CONTROL NUMBER
control field 3433487
003 - CONTROL NUMBER IDENTIFIER
control field OSt
005 - DATE AND TIME OF LATEST TRANSACTION
control field 20140310181652.0
008 - FIXED-LENGTH DATA ELEMENTS--GENERAL INFORMATION
fixed length control field 910827s1992 maua j 000 1 eng
010 ## - LIBRARY OF CONGRESS CONTROL NUMBER
LC control number 91031016
020 ## - INTERNATIONAL STANDARD BOOK NUMBER
International Standard Book Number 0440408164
040 ## - CATALOGING SOURCE
Original cataloging agency DLC
Transcribing agency DLC
Modifying agency DLC
042 ## - AUTHENTICATION CODE
Authentication code lcac
050 00 - LIBRARY OF CONGRESS CALL NUMBER
Classification number PZ 7
Item number .L921 1992
082 00 - DEWEY DECIMAL CLASSIFICATION NUMBER
Classification number KF
Item number L95a 1992
100 1# - MAIN ENTRY--PERSONAL NAME
Personal name Lowry, Lois.
9 (RLIN) 3746
245 10 - TITLE STATEMENT
Title Attaboy, Sam! /
Statement of responsibility, etc Lois Lowry ; illustrated by Diane de Groat.
260 ## - PUBLICATION, DISTRIBUTION, ETC. (IMPRINT)
Place of publication, distribution, etc Boston :
Name of publisher, distributor, etc Houghton Mifflin,
Date of publication, distribution, etc c1992.
300 ## - PHYSICAL DESCRIPTION
Extent 116 p. :
Other physical details ill. ;
Dimensions 22 cm.
541 ## - IMMEDIATE SOURCE OF ACQUISITION NOTE
-- 1
562 ## - COPY AND VERSION IDENTIFICATION NOTE
Number of copies 1
650 #1 - SUBJECT ADDED ENTRY--TOPICAL TERM
Topical term or geographic name as entry element Gifts
General subdivision Fiction.
9 (RLIN) 6303
650 #1 - SUBJECT ADDED ENTRY--TOPICAL TERM
Topical term or geographic name as entry element Birthdays
General subdivision Fiction.
9 (RLIN) 6304
650 #1 - SUBJECT ADDED ENTRY--TOPICAL TERM
Topical term or geographic name as entry element Family life
General subdivision Fiction.
9 (RLIN) 6305
700 1# - ADDED ENTRY--PERSONAL NAME
Personal name De Groat, Diane,
Relator term ill.
9 (RLIN) 6306
856 42 - ELECTRONIC LOCATION AND ACCESS
Materials specified Publisher description
Uniform Resource Identifier <a href="http://www.loc.gov/catdir/description/hm021/91031016.html">http://www.loc.gov/catdir/description/hm021/91031016.html</a>
856 42 - ELECTRONIC LOCATION AND ACCESS
Materials specified Contributor biographical information
Uniform Resource Identifier <a href="http://www.loc.gov/catdir/enhancements/fy0735/91031016-b.html">http://www.loc.gov/catdir/enhancements/fy0735/91031016-b.html</a>
906 ## - LOCAL DATA ELEMENT F, LDF (RLIN)
a 7
b cbc
c orignew
d 1
e ocip
f 19
g y-gencatlg
942 ## - ADDED ENTRY ELEMENTS (KOHA)
Source of classification or shelving scheme Library of Congress Classification
Koha item type
Call number prefix
Holdings
Withdrawn status Lost status Source of classification or shelving scheme Damaged status Home library Current library Shelving location Date acquired Total Checkouts Full call number Barcode Date last seen Copy number Price effective from Koha item type
    Library of Congress Classification   Luxembourg Library Luxembourg Library Kids Fiction Section 04/13/2012   PZ 7 .L921 1992 0242 08/13/2013 1 10/03/2013 Books

Attaboy, Sam! /

APA

Lowry L., De Groat D., . (1992). Attaboy, Sam!. Boston: Houghton Mifflin.

Chicago

Lowry Lois, De Groat Diane, . 1992. Attaboy, Sam!. Boston: Houghton Mifflin.

Harvard

Lowry L., De Groat D., . (1992). Attaboy, Sam!. Boston: Houghton Mifflin.

MLA

Lowry Lois, De Groat Diane, . Attaboy, Sam!. Boston: Houghton Mifflin. 1992.

  • Place hold
  • Print
  • Cite
  • Add to your cart (remove)
  • Save record
    BIBTEX Dublin Core MARCXML MARC (non-Unicode/MARC-8) MARC (Unicode/UTF-8) MARC (Unicode/UTF-8, Standard) MODS (XML) RIS
  • More searches
    Search for this title in:
    Other Libraries (WorldCat) Other Databases (Google Scholar) Online Stores (Bookfinder.com) Open Library (openlibrary.org)

Exporting to Dublin Core...

SOUTHVILLE LIBRARY

Southville International School and Colleges Library

1281 Tropical Ave. Cor. Luxembourg St., BF Homes International, Las Pinas City

Tel. No. 8256374 / 252358 Loc. 117/146

Powered by Koha